| 000 | 01584nam a2200397 i 4500 | ||
|---|---|---|---|
| 001 | 1545 | ||
| 003 | KOSZ 005 | ||
| 005 | 20220117141652.0 | ||
| 008 | 000320s1979 pl a f |001 0 pol | ||
| 015 | _aPB 1980/8516 | ||
| 035 | _a(OCoLC)750503488 | ||
| 040 |
_aWA N _cWA N _dKOSZ 005/EC _dKOSZ 005/HR |
||
| 041 | 0 | _apol | |
| 046 | _k1979 | ||
| 080 | _a620.1 | ||
| 080 | _a534 | ||
| 080 | _a(07) | ||
| 100 | 1 |
_aDeputat, Julian _d(1935- ) _eAutor |
|
| 245 | 1 | 0 |
_aBadania ultradźwiękowe : _bpodstawy : materiały szkoleniowe / _cJulian Deputat ; Instytut Metalurgii Żelaza im. Stanisława Staszica ; Ośrodek Doskonalenia Kadr Kierowniczych i Specjalistycznych MH [Ministerstwa Hutnictwa]. |
| 260 |
_aGliwice : _bIMŻ ; _aChorzów : _bODKKiSMH, _c1979 _e(Gliw : _fIMŻ). |
||
| 300 |
_aXVI, 358 s. : _bil., tab., wykr. ; _c24 cm. |
||
| 380 | _aKsiążki | ||
| 388 | _a1901-2000 | ||
| 388 | _a1945-1989 | ||
| 490 | 1 |
_aBadania Nieniszczące Wyrobów i Półwyrobów Hutniczych ; _vz. 1. |
|
| 504 | _aBibliogr. s. 353-354. - Indeks. | ||
| 650 | 4 | _aUltradźwięki | |
| 650 | 4 | _aBadania nieniszczące | |
| 650 | 4 | _aZastosowanie i wykorzystanie | |
| 655 | 4 | _aPodręcznik | |
| 658 | _aInżynieria i technika | ||
| 710 | 2 |
_aOddział Doskonalenia Kadr Kierowniczych i Specjalistycznych Ministerstwa Hutnictwa _4pbl. |
|
| 830 | 0 |
_aBadania Nieniszczące Wyrobów i Półwyrobów Hutniczych, _vz. 1 |
|
| 856 |
_uhttp://koha.tu.koszalin.pl/cgi-bin/koha/opac-detail.pl?biblionumber=1545 _yKatalog online BPK |
||
| 942 |
_2UKD _cKS |
||
| 999 |
_c1545 _d1545 |
||